Investigaciones lógicas / (Record no. 81552)

MARC details
000 -LEADER
campo de control de longitud fija 00930nam a2200229 i 4500
001 - NÚMERO DE CONTROL
campo de control 81552
003 - IDENTIFICADOR DE NÚMERO DE CONTROL
campo de control ES-MaACL
005 - FECHA Y HORA DE LA ÚLTIMA TRANSACCIÓN
campo de control 20250808030135.0
007 - CAMPO FIJO DE DESCRIPCIÓN FÍSICA--INFORMACIÓN GENERAL
campo de control de longitud fija t|
008 - DATOS DE LONGITUD FIJA--INFORMACIÓN GENERAL
campo de control de longitud fija 041105s1929 sp ||||1| spa d
100 1# - ENTRADA PRINCIPAL--NOMBRE DE PERSONA
Nombre de persona Husserl, Edmund.
9 (RLIN) 64818
245 10 - MENCIÓN DEL TÍTULO
Título Investigaciones lógicas /
Mención de responsabilidad, etc. Edmund Husserl ; traducción del alemán por Manuel G. Morente y José Gaos.
260 ## - PUBLICACIÓN, DISTRIBUCIÓN, ETC.
Lugar de publicación, distribución, etc. Madrid :
Nombre del editor, distribuidor, etc. Revista de Occidente,
Fecha de publicación, distribución, etc. [1929] (
Fabricante Imp. Galo Sáez)
300 ## - DESCRIPCIÓN FÍSICA
Extensión 3 t. en 4 v. ;
Dimensiones 23 cm.
505 8# - NOTA DE CONTENIDO CON FORMATO
Nota de contenido con formato Contiene: I. Prolegómenos a la lógica pura (265 p.) - II-III. Investigaciones para la fenomenología y teoría del conocimiento - IV. Elementos de un esclarecimiento fenomenológico del conocimiento (255 p.)
650 #4 - PUNTO DE ACCESO ADICIONAL DE MATERIA--TÉRMINO DE MATERIA
Término de materia o nombre geográfico como elemento de entrada Lógica.
9 (RLIN) 14693
650 00 - PUNTO DE ACCESO ADICIONAL DE MATERIA--TÉRMINO DE MATERIA
Término de materia o nombre geográfico como elemento de entrada Fenomenología.
9 (RLIN) 12756
700 1# - ENTRADA AGREGADA--NOMBRE PERSONAL
Nombre de persona García Morente, Manuel,
Fechas asociadas al nombre 1886-1942
9 (RLIN) 55002
700 1# - ENTRADA AGREGADA--NOMBRE PERSONAL
Nombre de persona Gaos, José.
9 (RLIN) 53902
852 ## - LOCALIZACIÓN
Ubicación ES-MaACL
Número de control de estantería B-3462-65
Holdings
Estatus retirado Estado de pérdida Estado de daño No para préstamo Biblioteca de origen Biblioteca actual Ubicación en estantería Fecha de adquisición Fuente de adquisición Total de préstamos Signatura topográfica completa Código de barras Visto por última vez Precio de reemplazo Tipo de ítem Koha
        Biblioteca del Ateneo de Madrid Biblioteca del Ateneo de Madrid Sala Pardo Bazán 17/01/2008     B-3462-65 1085247 23/02/2023 23/02/2023 Libro impreso